| 000 | 01347cam a2200361 a 4500 | ||
|---|---|---|---|
| 001 | 12032914 | ||
| 003 | OSt | ||
| 005 | 20140310184241.0 | ||
| 008 | 000607s2000 nyu j 000 1 eng | ||
| 010 | _a 00044776 | ||
| 020 | _a0679879269 | ||
| 040 |
_aDLC _cDLC _dDLC |
||
| 042 | _alcac | ||
| 050 | 0 | 0 |
_aPZ 7 _b.P968Am 2001 |
| 100 | 1 |
_aPullman, Philip, _d1946- _924872 |
|
| 245 | 1 | 4 |
_aThe amber spyglass / _cPhilip Pullman. |
| 250 | _a1st American ed. | ||
| 260 |
_aNew York : _bAlfred A. Knopf, _cc2000. |
||
| 300 |
_a518 p. ; _c22 cm. |
||
| 490 | 1 |
_aHis dark materials ; _vbk. 3 |
|
| 521 | _aG8 | ||
| 526 | _c950 | ||
| 650 | 1 |
_aFantasy. _93293 |
|
| 800 | 1 |
_aPullman, Philip, _d1946- _tHis dark materials ; _vbk. 3. _924873 |
|
| 856 | 4 | 1 |
_3Sample text _uhttp://www.loc.gov/catdir/samples/random042/00044776.html |
| 856 | 4 | 2 |
_3Publisher description _uhttp://www.loc.gov/catdir/description/random045/00044776.html |
| 856 | 4 | 2 |
_3Contributor biographical information _uhttp://www.loc.gov/catdir/enhancements/fy1101/00044776-b.html |
| 906 |
_a7 _bcbc _corignew _d1 _eocip _f20 _gy-gencatlg |
||
| 942 |
_2lcc _cBK-SCHOLAS |
||
| 999 |
_c33272 _d33272 |
||